Cenová mapa a daň z nehnuteľností
Ceny nehnuteľností ovplyvní podľa návrhu vlády aj nové zdanenie. Cenová mapa vychádza z cien, ktoré dodávajú členovia asociácie realitných kancelárií. Predpokladá sa teda, že (veľká) väčšina cenu určujúcich obchodov sa realizuje práve cez realitných sprostredkovateľov. Cenové mapy priemerujú ceny ne...
Gespeichert in:
| 1. Verfasser: | |
|---|---|
| Format: | Buchkapitel |
| Sprache: | Slowakisch |
| Schlagworte: | |
| Tags: |
Keine Tags, Fügen Sie das erste Tag hinzu!
|
MARC
| LEADER | 00000nla a2200000 4500 | ||
|---|---|---|---|
| 001 | 0152058 | ||
| 005 | 20240502072721.2 | ||
| 041 | 0 | |a slo | |
| 044 | |a SK | ||
| 245 | 1 | 0 | |a Cenová mapa a daň z nehnuteľností |c Pavel Škriniar |
| 520 | |a Ceny nehnuteľností ovplyvní podľa návrhu vlády aj nové zdanenie. Cenová mapa vychádza z cien, ktoré dodávajú členovia asociácie realitných kancelárií. Predpokladá sa teda, že (veľká) väčšina cenu určujúcich obchodov sa realizuje práve cez realitných sprostredkovateľov. Cenové mapy priemerujú ceny nehnuteľností a nezohľadňujú skutočnosť, či cena pochádza z novostavby alebo zo starého bytu. Do úvahy berie hlavne lokalitu. Presnosť cenovej mapy je závislá od počtu zrealizovaných obchodov. | ||
| 610 | 2 | 0 | |a nehnuteľnosti |
| 610 | 2 | 0 | |a ceny |
| 610 | 2 | 0 | |a dane z nehnuteľností |
| 610 | 2 | 0 | |a agentúry |
| 610 | 2 | 0 | |a sprostredkovatelia |
| 610 | 2 | 0 | |a obchod |
| 610 | 2 | 0 | |a predaj |
| 100 | 1 | |a Škriniar, Pavel, 1979- | |